| 000 | 01075cam a2200337 i 4500 | ||
|---|---|---|---|
| 001 | 16170230 | ||
| 003 | EG-ScBUE | ||
| 005 | 20230514113911.0 | ||
| 008 | 210414t2021 mnua f b 001 e eng d | ||
| 020 | _a9781517912239 | ||
| 035 | _a(NhCcYBP)om1436744337 | ||
| 035 | _a16170230 | ||
| 040 |
_aNhCcYBP _beng _erda _cNhCcYBP _dEG-ScBUE |
||
| 082 | 0 | 4 |
_222 _a770.1 _bTAG |
| 100 | 1 |
_aTagg, John, _eauthor. |
|
| 245 | 1 | 4 |
_aThe burden of representation : _bessays on photographies and histories with a new essay / _cJohn Tagg. |
| 264 | 1 |
_aMinneapolis : _bUniversity of Minnesota Press, _c[2021] |
|
| 264 | 4 | _cc2021 | |
| 300 |
_axxviii, 242 pages : _billustrations ; _c22 cm |
||
| 336 |
_atext _btxt _2rdacontent |
||
| 336 |
_astill image _bsti _2rdacontent |
||
| 337 |
_aunmediated _bn _2rdamedia |
||
| 338 |
_avolume _bnc _2rdacarrier |
||
| 504 | _aIncludes bibliographical references and index. | ||
| 650 | 7 |
_aPhotography _xPhilosophy. _0BUEsh |
|
| 653 |
_bART _cMay2023 |
||
| 655 | _vReading book | ||
| 942 |
_2ddc _cBB |
||
| 960 | _a39002137606225 | ||
| 987 | _cON ORDER | ||
| 999 |
_c30363 _d30334 |
||